| 000 -LEADER |
| fixed length control field |
00425pab a2200169 454500 |
| 008 - FIXED-LENGTH DATA ELEMENTS--GENERAL INFORMATION |
| fixed length control field |
180718b2005 xxu||||| |||| 00| 0 eng d |
| 100 ## - MAIN ENTRY--PERSONAL NAME |
| Personal name |
Chisholm, John |
| 245 ## - TITLE STATEMENT |
| Title |
Income variables and the measures of gains from crime |
| 260 ## - PUBLICATION, DISTRIBUTION, ETC. |
| Date of publication, distribution, etc. |
2005 |
| 300 ## - PHYSICAL DESCRIPTION |
| Extent |
p.112-19. |
| 362 ## - DATES OF PUBLICATION AND/OR SEQUENTIAL DESIGNATION |
| Dates of publication and/or sequential designation |
Jan |
| 650 ## - SUBJECT ADDED ENTRY--TOPICAL TERM |
| Topical term or geographic name entry element |
Crime |
| 650 ## - SUBJECT ADDED ENTRY--TOPICAL TERM |
| Topical term or geographic name entry element |
Income distribution |
| 700 ## - ADDED ENTRY--PERSONAL NAME |
| Personal name |
Choe, Chongwoo |
| 773 ## - HOST ITEM ENTRY |
| Main entry heading |
Oxford Economic Papers |
| 909 ## - |
| -- |
64258 |